LIBRARY MANAGEMENT DURING PANDEMIC/ (Record no. 193916)

MARC details
000 -LEADER
fixed length control field 00519nam a22001457a 4500
005 - DATE AND TIME OF LATEST TRANSACTION
control field 20221123152802.0
010 ## - LCCN (DPL NO)
LC control number E.N.A./7.11.22
020 ## - INTERNATIONAL STANDARD BOOK NUMBER
International Standard Book Number 9789392594441
Terms of availability 1100.00
037 ## - SOURCE OF ACQUISITION
Source of stock number/acquisition Ess Ess Publications
245 ## - TITLE STATEMENT
Title LIBRARY MANAGEMENT DURING PANDEMIC/
Remainder of title Issues and Challenges
Statement of responsibility, etc edi. by Md. Alamgir khan & Shamim Aktar Munshi
260 ## - PUBLICATION, DISTRIBUTION, ETC. (IMPRINT)
Name of publisher, distributor, etc Ess Ess Publications
Date of publication, distribution, etc 2022
Place of publication, distribution, etc New Delhi
270 ## - ADDRESS
Address 4831/24, Ansari Road , Darya Ganj,
City New Delhi
Postal code 110002
300 ## - PHYSICAL DESCRIPTION
Extent xvii 269p
Other physical details 23cm (HB)
Dimensions ill.
942 ## - ADDED ENTRY ELEMENTS (KOHA)
Source of classification or shelving scheme Dewey Decimal Classification
Item type English Books
Edition 2022
Call number suffix kHA

No items available.


© Delhi Public Library
Hit Counter
free hit counter